Vplyv záujmových skupín na ekonomickú výkonnosť krajiny diplomová práca

Uložené v:
Podrobná bibliografia
Hlavný autor: Knotková, Mariana
Korporativný autor: Národohospodárska fakulta EU. Katedra financií
Ďalší autori: Lennerová, Ivana, 1979-
Médium: Kniha
Jazyk:Slovak
Vydavateľské údaje: Bratislava 2014
Tagy: Pridať tag
Žiadne tagy, Buďte prvý, kto otaguje tento záznam!

MARC

LEADER 00000nbm a2200000 4500
001 0187396
005 20170201085737.0
041 0 |a slo 
044 |a SK 
245 1 0 |a Vplyv záujmových skupín na ekonomickú výkonnosť krajiny  |b diplomová práca  |c Mariana Knotková ; školiteľ: Ivana Lennerová 
264 1 |a Bratislava  |c 2014 
300 |a 92 s. 
100 1 |a Knotková, Mariana 
700 1 |a Lennerová, Ivana, 1979- 
710 2 |a Národohospodárska fakulta EU. Katedra financií